00265nam a22001217a 4500008004100000020001500041041000800056080001000064082001000074100000700084101000800091245004400099210322b ||||| |||| 00| 0 eng d a0495031690 aeng a159.9 a159.9 a48 aPSI aSocial Psychology AlivecBreckler, S. J